На пути к 3-й мировой войне (Record no. 373271)

MARC details
000 -Лідер
fixed length control field 00597nam a22002417a 4500
001 - Контрольний номер
control field 86414
003 - Ідентифікатор контрольного номера
control field UA-OsUOA
005 - Дата та час останнього входження (трансакції)
control field 20211108213853.0
007 - Фіксоване поле фізичного опису
fixed length control field ta
008 - Елементи даних фіксованої довжини – загальна інформація
fixed length control field 20120831b un ||||| |||| 00| 0 ukr d
040 ## - Джерело каталогізації
Агенція оригінальної каталогізації UA-OsUOA
Мова каталогізації rus
Агенція, яка здійснювала перезапис UA-OsUOA
Агенція, яка здійснювала модифікацію UA-OsUOA
041 ## - Код мови
Код мови тексту/ звукової доріжки чи окремого заголовка (П) rus
080 ## - Індекс Універсальної десяткової класифікації
Індекс Універсальної десяткової класифікації (УДК) (НП) 94(73)+(47+57)
090 ## - Локальний шифр розміщення
Класифікаційний індекс УДК 94(73)+(47+57)
Авторський знак (НП) Г75
100 ## - Основне введення – ім’я особи
Ім’я особи (НП) Грайнер Б.
245 ## - Відомості про назву
Назва (НП) На пути к 3-й мировой войне
260 ## - Публікація, розповсюдження і т.п. (Вихідні дані)
Місце публікації, розповсюдження і т.п. (П) М.
Дата публікації, розповсюдження і т.п. (П) 1982
300 ## - Фізичний опис
Обсяг 170 с.
650 #7 - Додаткове предметне введення – тематичний термін
Тематичний термін чи географічна назва, як елемент введення (НП) 94 Історія
Джерело заголовка чи терміна UDC
700 ## - Додаткове введення – ім'я особи
Ім’я особи (НП) Штайнгаус К.
942 ## - Додаткові елементи входу (Коха)
Тип елемента Koha Books
Source of classification or shelving scheme Universal Decimal Classification
955 ## - Код типу видання за змістом
Код типу видання за змістом (НП) Науково-популярні видання
Holdings
Стан вилучень Стан втрат Джерело класифікації або схеми стелажів Стан уражень Не для кредиту Постійне місце розташування Поточне розміщення Дата придбання Інвентарний номер Усього замовленно Повний номер виклику Штрих-код Дата останнього перегляду Ціна ефективна від Тип елемента Koha
    Universal Decimal Classification     АБ - Абонемент НБ АБ - Абонемент НБ 31/08/2012 40847   94(73)+(47+57) Г75 40847 26/02/2024 31/08/2012 Books